[Event "AUTO-OPEN-3949"]
[Site "http://www.queenalice.com/game.php?id=1565408"]
[Date "2019.3.24"]
[Round "2"]
[White "sallesandre88"]
[Black "Pin"]
[Result "0-1"]
[WhiteElo "2170"]
[BlackElo "2087"]

1. e4 c5 2. Nc3 Nc6 3. Nf3 d6 4. Bb5 Nf6 5. O-O Bd7 6. d3 g6 7. Bg5 Bg7 8. a3
O-O 9. h3 a6 10. Bxc6 Bxc6 11. Nh2 h6 12. Bh4 g5 13. Bg3 Nh5 14. Qxh5 Qd7 15.
Ng4 Qe6 0-1

[Event "AUTO-OPEN-3949"]
[Site "http://www.queenalice.com/game.php?id=1565415"]
[Date "2019.3.24"]
[Round "2"]
[White "Fischercat"]
[Black "sallesandre88"]
[Result "0-1"]
[WhiteElo "1830"]
[BlackElo "2189"]

1. d4 d5 2. h3 Nf6 3. e3 Nc6 4. Bb5 Bd7 5. Bxc6 Bxc6 6. Nc3 e6 7. Nf3 Bb4 8. O-O
O-O 9. Bd2 h6 10. a3 Bxc3 11. Bxc3 Ne4 12. Qd3 Qf6 13. Ne5 Nxc3 14. Qxc3 Bb5 15.
Rfe1 Rac8 16. Qc5 a6 17. a4 b6 18. Qb4 c5 19. Qd2 Be8 20. b4 c4 21. a5 b5 22. c3
Qf5 23. Re2 f6 24. Nf3 Bh5 25. g4 Qxf3 26. gxh5 Qxh3 27. e4 Qxh5 28. Qe3 Qg4+
29. Kf1 Qh5 30. Qg3 dxe4 31. Rxe4 Qh1+ 0-1

[Event "AUTO-OPEN-3949"]
[Site "http://www.queenalice.com/game.php?id=1565416"]
[Date "2019.3.24"]
[Round "2"]
[White "sallesandre88"]
[Black "Fischercat"]
[Result "0-1"]
[WhiteElo "2066"]
[BlackElo "1860"]

1. e4 e5 2. Nf3 d6 3. Bc4 Be6 4. Bxe6 fxe6 5. Nc3 Nc6 6. d3 Nd4 7. O-O Be7 8.
Be3 Nh6 9. Bxh6 gxh6 10. Nxd4 exd4 11. Qh5+ Kd7 12. Qxh6 dxc3 13. bxc3 Bf6 14.
d4 Qf8 15. Qh3 Re8 16. e5 dxe5 17. dxe5 Bxe5 18. Rad1+ Kc8 19. Qe3 Qg7 20. Qxa7
Bd6 21. Rb1 Qxc3 22. Qxb7+ Kd7 23. Qb5+ Qc6 24. Qd3 Ra8 25. Rfe1 Rxa2 26. Qb3
Qd5 27. Qh3 Ra3 28. Qh6 Re8 29. Rbd1 Qf5 30. Qd2 Ra5 31. Qc3 Rc5 32. Qb3 Rxc2
33. Qe3 Rf8 34. Re2 Rxe2 35. Qxe2 Ke7 36. f3 Qf4 37. g3 Qxf3 38. Qxf3 Rxf3 39.
Kg2 Rf5 40. h4 Rd5 41. Re1 Rd3 42. g4 Rg3+ 43. Kf2 Rxg4 44. h5 Bg3+ 45. Kf3 Bxe1
46. Kxg4 Kf6 47. Kf3 e5 0-1

[Event "Challenge"]
[Site "http://www.queenalice.com/game.php?id=1565583"]
[Date "2019.3.26"]
[Round "-"]
[White "AccelavgS"]
[Black "sallesandre88"]
[Result "1-0"]
[WhiteElo "2197"]
[BlackElo "2156"]

1. e4 e5 2. Nc3 Nf6 3. f4 Nc6 4. fxe5 Nxe5 5. d4 Ng6 6. e5 Ng8 7. Nf3 Bb4 8. Bc4
h6 9. O-O Bxc3 10. bxc3 d5 11. exd6 cxd6 12. Bxf7+ Kxf7 13. Ne5+ 1-0

[Event "Challenge"]
[Site "http://www.queenalice.com/game.php?id=1565584"]
[Date "2019.3.26"]
[Round "-"]
[White "sallesandre88"]
[Black "AccelavgS"]
[Result "1-0"]
[WhiteElo "2135"]
[BlackElo "1878"]

1. e4 c5 2. Nc3 Nc6 3. Nf3 g6 4. d4 cxd4 5. Nxd4 Bg7 6. Nxc6 bxc6 7. Qf3 d6 8.
Bd2 Be6 9. Bd3 Rb8 10. b3 Nf6 11. h3 O-O 12. Rb1 d5 13. exd5 Nxd5 14. Nxd5 Bxd5
15. Be4 f5 16. Bxd5+ Qxd5 17. Qxd5+ cxd5 18. O-O e5 19. a4 1-0

[Event "AUTO-OPEN-4002"]
[Site "http://www.queenalice.com/game.php?id=1576675"]
[Date "2019.7.8"]
[Round "2"]
[White "sallesandre88"]
[Black "Spiritus"]
[Result "0-1"]
[WhiteElo "2155"]
[BlackElo "2383"]

1. e4 e5 2. Bc4 Nf6 3. Nc3 Nxe4 4. Nxe4 d5 5. Bxd5 Qxd5 6. Qf3 Be6 7. d3 Nc6 8.
c3 O-O-O 9. Ne2 Qxd3 10. Qxd3 Rxd3 11. O-O Be7 12. Be3 f5 13. Nc5 Bxc5 14. Bxc5
Rhd8 15. Ng3 g6 16. Rfe1 b6 17. Ba3 e4 18. b4 Rxc3 19. Bb2 Rc2 20. Bf6 Rdd2 21.
Rf1 Nxb4 22. a3 Nc6 23. Bg5 Rd3 24. Rac1 Rxc1 25. Rxc1 Na5 26. Bf4 c5 27. Ne2 c4
0-1

[Event "AUTO-OPEN-4002"]
[Site "http://www.queenalice.com/game.php?id=1576676"]
[Date "2019.7.8"]
[Round "2"]
[White "Spiritus"]
[Black "sallesandre88"]
[Result "1-0"]
[WhiteElo "2378"]
[BlackElo "2160"]

1. e4 e5 2. Bc4 Nc6 3. Nc3 Nf6 4. d3 h6 5. f4 d6 6. Nf3 Bg4 7. h3 Bxf3 8. Qxf3
Nd4 9. Qf2 Be7 10. Be3 Nh5 11. fxe5 Bh4 12. O-O Bxf2+ 13. Rxf2 dxe5 14. Bxf7+
Kd7 15. Bxh5 Rf8 16. Rxf8 Qxf8 17. Rf1 Qd6 18. Rf7+ Kc8 19. Bxd4 Qxd4+ 20. Kh2
b6 21. Nb5 Qxb2 22. Nxc7 Rb8 23. Nd5 Qa3 24. Bg4+ Kd8 25. Rxg7 Ke8 26. Be6 Qf8
27. Nc7+ 1-0

[Event "AUTO-OPEN-4002"]
[Site "http://www.queenalice.com/game.php?id=1576677"]
[Date "2019.7.8"]
[Round "2"]
[White "sallesandre88"]
[Black "al93oliveira"]
[Result "0-1"]
[WhiteElo "2042"]
[BlackElo "2347"]

1. e4 c5 2. Nc3 e6 3. Nf3 a6 4. d4 cxd4 5. Nxd4 d6 6. Nf3 Nc6 7. Nd4 Nf6 8. Bg5
Be7 9. Bc4 Bd7 10. Nf3 Nxe4 11. Bxe7 Qxe7 12. Nxe4 d5 13. Bd3 dxe4 14. Bxe4 Qb4+
15. Nd2 f5 16. Bxc6 Bxc6 17. O-O O-O-O 18. c3 Qxb2 19. Nc4 Rxd1 20. Nxb2 Rxa1
21. Rxa1 Rd8 22. h3 Rd2 23. Nc4 Rc2 0-1

[Event "AUTO-OPEN-4002"]
[Site "http://www.queenalice.com/game.php?id=1576678"]
[Date "2019.7.8"]
[Round "2"]
[White "al93oliveira"]
[Black "sallesandre88"]
[Result "1-0"]
[WhiteElo "2350"]
[BlackElo "2038"]

1. e4 e5 2. Nf3 Nc6 3. Bb5 d6 4. d4 Bd7 5. Nc3 exd4 6. Nxd4 Ne5 7. Be2 Nf6 8. f4
Nc6 9. Be3 d5 10. e5 Ne4 11. Nxe4 dxe4 12. O-O Be7 13. Bc4 Bc5 14. c3 O-O 15.
Qc2 Nxd4 16. cxd4 Bb6 17. Qxe4 c6 18. Bd3 g6 19. f5 Bxf5 20. Rxf5 Bxd4 21. Rf2
1-0

[Event "AUTO-MASTER-2794"]
[Site "http://www.queenalice.com/game.php?id=1577301"]
[Date "2019.7.14"]
[Round "2"]
[White "CCapivara"]
[Black "sallesandre88"]
[Result "1-0"]
[WhiteElo "2219"]
[BlackElo "2150"]

1. e4 e5 2. Nf3 Nc6 3. Bc4 h6 4. O-O Nf6 5. d3 Bc5 6. c3 d6 7. Be3 Bxe3 8. fxe3
Na5 9. Bb5+ c6 10. Ba4 b5 11. Bc2 Bg4 12. Nbd2 d5 13. exd5 cxd5 14. Qe1 Nc6 15.
Qg3 Qe7 16. a4 bxa4 17. Bxa4 Rc8 18. Nxe5 Qd6 19. Nxg4 Qxg3 20. Nxf6+ gxf6 21.
hxg3 O-O 22. Rxf6 Ne5 23. Bc2 Ng4 24. Rf3 Rfe8 25. Rxa7 Nxe3 26. Ba4 Re6 27. Bd7
Re7 28. Bxc8 Rxa7 29. Rxe3 Ra2 30. Re2 Rxb2 31. Kf2 Rc2 32. c4 dxc4 33. Nxc4 Rc3
34. Ke3 Rc1 35. Kd4 Ra1 36. Bg4 Ra8 37. Re7 Rd8+ 38. Rd7 1-0

[Event "Challenge"]
[Site "http://www.queenalice.com/game.php?id=1580476"]
[Date "2019.8.16"]
[Round "-"]
[White "A2019"]
[Black "sallesandre88"]
[Result "0-1"]
[WhiteElo "2234"]
[BlackElo "2191"]

1. Nf3 Nc6 2. b3 Nf6 3. Bb2 e6 4. e3 d5 5. Bb5 Bd7 6. O-O Bd6 7. Bxc6 Bxc6 8. d3
O-O 9. Nbd2 h6 10. Re1 Nh7 11. e4 dxe4 12. Nxe4 f5 0-1

[Event "Challenge"]
[Site "http://www.queenalice.com/game.php?id=1581390"]
[Date "2019.8.25"]
[Round "-"]
[White "jpribeiro"]
[Black "sallesandre88"]
[Result "1-0"]
[WhiteElo "1939"]
[BlackElo "2140"]

1. e4 e5 2. Nf3 Nc6 3. Bb5 d6 4. d4 Bd7 5. dxe5 Nxe5 6. Bxd7+ Nxd7 7. O-O Be7 8.
Nc3 Bf6 9. Re1 Ne5 10. Nxe5 Bxe5 11. Nd5 Nf6 12. f4 Bxf4 13. Bxf4 O-O 14. Nxf6+
Qxf6 15. Bc1 Rfe8 16. Qf3 Qe5 17. Qf4 Qd4+ 18. Kh1 1-0

[Event "Challenge"]
[Site "http://www.queenalice.com/game.php?id=1581391"]
[Date "2019.8.25"]
[Round "-"]
[White "sallesandre88"]
[Black "jpribeiro"]
[Result "0-1"]
[WhiteElo "2085"]
[BlackElo "2006"]

1. e4 e5 2. Bc4 Nc6 3. Nf3 Nf6 4. Ng5 d5 5. exd5 Nxd5 6. Qf3 Nf6 7. Nxf7 Nd4 8.
Qd3 Bf5 9. Qxf5 Nxf5 10. Nxd8 Rxd8 11. d3 Nd4 12. Bb3 Nxb3 13. axb3 a6 14. O-O
Be7 15. Ra5 Rd5 16. Bd2 Rxa5 17. Bxa5 b6 18. Bc3 Bd6 19. Nd2 Nd5 0-1

[Event "Challenge"]
[Site "http://www.queenalice.com/game.php?id=1583028"]
[Date "2019.9.10"]
[Round "-"]
[White "jpribeiro"]
[Black "sallesandre88"]
[Result "1-0"]
[WhiteElo "1985"]
[BlackElo "2105"]

1. e4 e5 2. Nf3 Nc6 3. Bb5 d6 4. d4 Bd7 5. Nc3 exd4 6. Nxd4 Ne5 7. Bxd7+ Qxd7 8.
f4 Nc6 9. Nxc6 Qxc6 10. O-O O-O-O 11. Qg4+ Qd7 12. Qxd7+ Rxd7 13. Bd2 Nf6 14.
Rae1 c6 15. h3 1-0

[Event "Challenge"]
[Site "http://www.queenalice.com/game.php?id=1583029"]
[Date "2019.9.10"]
[Round "-"]
[White "sallesandre88"]
[Black "jpribeiro"]
[Result "0-1"]
[WhiteElo "2122"]
[BlackElo "1963"]

1. e4 e5 2. Bc4 Nf6 3. Nc3 Bb4 4. d3 O-O 5. Ne2 h6 6. O-O c5 7. Bd2 Nc6 8. a3
Bxc3 9. Bxc3 d6 10. h3 Re8 11. Bb5 Bd7 12. Ng3 Ne7 0-1